| 000 | 01045nam a2200253Ia 4500 | ||
|---|---|---|---|
| 003 | OSt | ||
| 005 | 20221005104216.0 | ||
| 006 | a|||||r|||| 00| 0 | ||
| 007 | ta | ||
| 008 | 221004b |||||||| |||| 00| 0 hin d | ||
| 020 |
_a8186400583 (hbk) _c106.25 |
||
| 024 | _a101577 | ||
| 037 |
_b411, 23/03/2010, Swaraj Prakashan _cTextual |
||
| 040 |
_aCRL _cCRL _bhin |
||
| 041 |
_2hin _ahin |
||
| 082 | _aO152(Y15)w, P3 | ||
| 100 | _aनैय्यर, रेणुका | ||
| 245 | 0 |
_aनारी अस्मिता के प्रश्न _b शीर्षस्थ लेखिकाओं से बातें - मुलाकातें |
|
| 246 | _aNārī asmitā ke prashna: shīrṣhastha lekhikāoan se bātean - mulākātean | ||
| 260 |
_aदिल्ली _bपब्लिकेश्सन्स् भारत _c2003 |
||
| 300 |
_a95पृ0 _ccm. |
||
| 942 |
_hO152(Y15)w, P3 _cTEXL _2cc |
||
| 999 |
_c1012032 _d1012032 |
||